Normal view
MARC view
- Berenson , Bernard
Entry Personal Name
001 - CONTROL NUMBER
- control field: 134379
003 - CONTROL NUMBER IDENTIFIER
- control field: NUST
005 - DATE AND TIME OF LATEST TRANSACTION
- control field: 20260508102239.0
008 - FIXED-LENGTH DATA ELEMENTS
- fixed length control field: 260508|| aca||aabn | a|a d
040 ## - CATALOGING SOURCE
- Original cataloging agency: NUST
- Transcribing agency: NUST
100 ## - HEADING--PERSONAL NAME
- Personal name: Berenson , Bernard
670 ## - SOURCE DATA FOUND
- Source citation: Work cat.: (NUST): Berenson , Bernard., Sunset and Twilight: From the Diaries of 1947-1958 /, 1963.
